000 00332 a2200157 4500
001 154559
040 _cEscola São Tomás de Aquino
100 _aAZEVEDO, Priscila Ramos de
240 1 0 _aLinguagem
_lpor
245 1 0 _aLinguagem
300 _a127
362 0 _a2004
440 1 _aScipione
697 _aRELIGIÃO
942 _cBK
999 _c154559
_d154559